[Event "Washington Class Championships"]
[Site "Seattle, WA"]
[Date "2015.11.29"]
[Round "6"]
[White "Varner Murlin  (WA)"]
[Black "Lai James  (WA)"]
[Result "0-1"]
[WhiteElo "1561"]
[BlackElo "1510"]
[Annotator ""]
[Source ""]
[Remark "Class C"]

1.c4 e5 2.Nc3 Nc6 3.g3 Bc5 4.Bg2 Nf6 5.e3 d6 6.Nge2 Bf5 7.a3
( 7.d4 ) O-O 8.O-O e4 9.b4 Bb6 10.Bb2 Ne5 11.Nf4 {?} Nxc4 12.Qc2
Re8 13.Ncd5 Nxb2 14.Qxb2 c6 15.Nxb6 axb6 16.Bh3 Bxh3 17.Nxh3
Qd7 18.Nf4 Qg4 19.h3 Qf3 20.Ng2 Re5 21.Qd4 Nd5 22.d3 Rae8 23.Rae1
R8e6 24.Nh4 Qf6 25.f4 exf3 26.Rxf3 Qh6 27.e4 g5 28.exd5 {??}
Rxe1+ 29.Rf1 Rxf1+ 30.Kxf1 Qf6+ 31.Qf2 Qxf2+ 32.Kxf2 Re5 33.Nf3
Rxd5 34.Ke3 b5 35.d4 Kg7 36.g4 f6 37.Nd2 f5 38.gxf5 Rxf5 39.Ne4
d5 40.Nd6 Rf1 41.Nxb7 Ra1 42.Nd8 Rxa3+ 43.Kd2 Ra6 44.Ke2 Rb6
45.Kf3 Kf6 0-1

[Event "Washington Class Championships"]
[Site "Seattle, WA"]
[Date "2015.11.27"]
[Round "2"]
[White "Vega Isaac  (OR)"]
[Black "Davis Frederick  (WA)"]
[Result "0-1"]
[WhiteElo "1605"]
[BlackElo "1823"]
[Annotator ""]
[Source ""]
[Remark "Class A"]

1.e4 c5 2.Nc3 e6 3.f4 a6 4.Nf3 Nc6 5.g3 Nge7 6.Bg2 g6 7.O-O Bg7
8.d3 O-O 9.Qe1 d6 10.g4 Rb8 11.Qh4 Nd4 12.Rf2 Nec6 13.Qh3 b5
14.f5 exf5 15.exf5 gxf5 16.Ng5 h6 17.Nge4 fxe4 18.Bxh6 Ne5 19.Bxg7
Kxg7 20.Bxe4 Rh8 21.Qf1 Qh4 22.Nd5 Nef3+ 0-1

[Event "Washington Class Championships"]
[Site "Seattle, WA"]
[Date "2015.11.27"]
[Round "2"]
[White "Barua Aniruddha  (WA)"]
[Black "Swecker Paul  (WA)"]
[Result "1-0"]
[WhiteElo "1184"]
[BlackElo "101"]
[Annotator ""]
[Source ""]
[Remark "Class E"]

1.e4 e6 2.d4 Be7 3.c4 f5 4.Nc3 Nf6 5.e5 Ng4 6.h3 Nh6 7.Bxh6 gxh6
8.Qh5+ Kf8 9.Qxh6+ Kg8 10.h4 Nc6 11.Rh3 d6 12.Rg3+ Kf7 13.Qg7+
Ke8 14.Qxh8+ Bf8 15.Rg8 Ke7 16.Qxh7+ Ke8 17.Qg6+ Ke7 18.d5 Qe8
19.Qf6+ Kd7 20.dxc6+ Kxc6 21.Nf3 dxe5 22.Nxe5+ Kd6 23.b4 Qe7
24.Nb5# 1-0

[Event "Washington Class Championships"]
[Site "Seattle, WA"]
[Date "2015.11.27"]
[Round "2"]
[White "Kypriotakis Kyriakos  (OR)"]
[Black "Clark Ryan  (WA)"]
[Result "0-1"]
[WhiteElo "1069"]
[BlackElo "1106"]
[Annotator ""]
[Source ""]
[Remark "Class E"]

1.e4 c5 2.d4 cxd4 3.c3 Nc6 4.Nf3 g6 5.cxd4 Bg7 6.Nc3 e6 7.Bc4
Nge7 8.O-O d5 9.exd5 exd5 10.Bb3 O-O 11.Re1 h6 12.Bf4 Bg4 13.h3
Bxf3 14.Qxf3 Nxd4 15.Qe3 Nef5 16.Qd3 Nxb3 17.axb3 d4 18.Nb5 a6
19.Nc7 Rc8 20.g4 Nd6 21.Nd5 Nb5 22.Nb4 Re8 23.Nc2 Kh7 24.Na3
Nxa3 25.bxa3 Rc3 26.Qd1 Rxe1+ 27.Qxe1 Rxh3 28.Bg3 Qd5 29.Kf1
Rh1+ 0-1

[Event "Washington Class Championships"]
[Site "Seattle, WA"]
[Date "2015.11.27"]
[Round "2"]
[White "Brusniak Benjamin  (WA)"]
[Black "Hosford Michael  (WA)"]
[Result "0-1"]
[WhiteElo "1913"]
[BlackElo "1965"]
[Annotator ""]
[Source ""]
[Remark "Expert"]

1.d4 Nf6 2.c4 Nc6 3.Nc3 e5 4.d5 Ne7 5.e4 Ng6 6.Nf3 Bb4 7.Bd3
Bxc3+ 8.bxc3 d6 9.O-O O-O 10.h3 Nh5 11.Be3 b6 12.a4 a5 13.Re1
Nhf4 14.Bf1 f5 15.Nd2 fxe4 16.Nxe4 Bf5 17.Ng3 Bd7 18.Kh2 Qh4
19.Bd2 Nxh3 20.Qh5 Qxh5 21.Nxh5 Nxf2 22.Ng3 Ng4+ 23.Kg1 Nf4 24.Ne4
Rae8 25.g3 Nh5 26.Bd3 Ngf6 27.Kg2 Nxe4 28.Bxe4 Nf6 29.Bc2 Ng4
30.Re2 Bf5 31.Bxf5 Rxf5 32.Rh1 Ref8 33.Rh4 Rf2+ 34.Rxf2 Rxf2+
35.Kh3 Rxd2 36.Rxg4 Rc2 0-1

[Event "Washington Class Championships"]
[Site "Seattle, WA"]
[Date "2015.11.28"]
[Round "3"]
[White "Schill William  (WA)"]
[Black "He Samuel  (WA)"]
[Result "1-0"]
[WhiteElo "2265"]
[BlackElo "2218"]
[Annotator ""]
[Source ""]
[Remark "Master"]

1.e4 d6 2.d4 Nf6 3.Nc3 c6 4.f4 Qa5 5.Bd3 e5 6.Nf3 exd4 7.Nxd4
g6 8.Nb3 Qc7 9.a4 b6 10.O-O Bg7 11.Qe1 O-O 12.Qh4 Nbd7 13.f5
a6 14.Bg5 Bb7 15.e5 dxe5 16.Ne4 Nxe4 17.Bxe4 c5 18.f6 Bh8 19.Nd2
Rfd8 20.Bxb7 Qxb7 21.Rac1 Nxf6 22.Nf3 Rd6 23.Nxe5 Rd4 24.g4 Nxg4
25.Rxf7 Qxf7 26.Nxf7 1-0

[Event "Washington Class Championships"]
[Site "Seattle, WA"]
[Date "2015.11.28"]
[Round "3"]
[White "Haining Karen  (WA)"]
[Black "Tien Andy  (WA)"]
[Result "0-1"]
[WhiteElo "1255"]
[BlackElo "1185"]
[Annotator ""]
[Source ""]
[Remark "Class D"]

1.e4 e5 2.Nf3 Nc6 3.Bb5 a6 4.Ba4 b5 5.Bb3 Nf6 6.d3 Bc5 7.Bg5
h6 8.Bh4 g5 9.Bg3 d6 10.h3 Be6 11.Bxe6 fxe6 12.Nc3 Nh5 13.Nxe5
Nxg3 14.Nxc6 Qf6 15.d4 Nxh1 16.dxc5 Qxf2# 0-1

[Event "Washington Class Championships"]
[Site "Seattle, WA"]
[Date "2015.11.28"]
[Round "4"]
[White "Davis Frederick  (WA)"]
[Black "Le Blanc Paul  (CAN)"]
[Result "1/2-1/2"]
[WhiteElo "1823"]
[BlackElo "1901"]
[Annotator ""]
[Source ""]
[Remark "Class A"]

1.e4 d5 2.exd5 Qxd5 3.Nc3 Qa5 4.Nf3 Bg4 5.Be2 Nf6 6.O-O c6 7.d4
Nbd7 8.h3 Bh5 9.Re1 e6 10.a3 Bd6 11.Ng5 Bg6 12.Bd3 Bxd3 13.Qxd3
O-O 14.Bd2 Qc7 15.Nce4 Be7 16.Nxf6+ Nxf6 17.Qb3 Qd7 18.Nf3 Rfd8
19.Ne5 Qc7 20.Nf3 Rd5 21.c4 Rdd8 22.Rad1 c5 23.Be3 b6 24.dxc5
Bxc5 25.Nd4 a6 26.Qc3 Be7 27.Rc1 Rac8 28.Qb3 Bc5 29.Red1 Rd7
30.Nc2 Rcd8 31.Rxd7 Rxd7 32.Bxc5 Qxc5 1/2-1/2

[Event "Washington Class Championships"]
[Site "Seattle, WA"]
[Date "2015.11.28"]
[Round "4"]
[White "Feng Roland  (WA)"]
[Black "Raptis Nick  (OR)"]
[Result "1/2-1/2"]
[WhiteElo "2403"]
[BlackElo "2375"]
[Annotator ""]
[Source ""]
[Remark "Master"]

1.d4 Nf6 2.c4 g6 3.Nc3 Bg7 4.Nf3 d5 5.Bg5 Ne4 6.Bh4 Nxc3 7.bxc3
dxc4 8.e3 b5 9.a4 c6 10.Nd2 a6 11.Be2 Bb7 12.Ne4 Qc8 13.Nc5 Nd7
14.Nxb7 Qxb7 15.Qb1 Nb6 16.axb5 axb5 17.Rxa8+ Qxa8 18.Bf3 e6
19.Qb4 Qa1+ 20.Ke2 Qa2+ 21.Ke1 Qa1+ 22.Ke2 Qa2+ 1/2-1/2

[Event "Washington Class Championships"]
[Site "Seattle, WA"]
[Date "2015.11.29"]
[Round "6"]
[White "Doknjas Neil  (CAN)"]
[Black "Allen Robert  (WA)"]
[Result "1-0"]
[WhiteElo "1741"]
[BlackElo "1700"]
[Annotator ""]
[Source ""]
[Remark "Class A"]

1.e4 c5 2.Nf3 d6 3.d4 cxd4 4.Nxd4 Nf6 5.Nc3 g6 6.Be3 Bg7 7.f3
O-O 8.Qd2 Nc6 9.g4 Bd7 10.O-O-O Rc8 11.h4 Ne5 12.h5 Nc4 13.Bxc4
Rxc4 14.hxg6 fxg6 15.e5 Rxc3 16.exf6 Rxc2+ 17.Qxc2 Bxf6 18.Qc4+
Kh8 19.Rxh7+ 1-0

[Event "Washington Class Championships"]
[Site "Seattle, WA"]
[Date "2015.11.29"]
[Round "6"]
[White "Feng Roland  (WA)"]
[Black "He Daniel  (WA)"]
[Result "1-0"]
[WhiteElo "2403"]
[BlackElo "2241"]
[Annotator ""]
[Source ""]
[Remark "Master"]

1.d4 Nf6 2.c4 e6 3.Nf3 Bb4+ 4.Nbd2 b6 5.a3 Bxd2+ 6.Qxd2 a5 7.b3
Bb7 8.Bb2 O-O 9.e3 d6 10.Be2 Nbd7 11.O-O Ne4 12.Qc2 f5 13.d5
e5 14.Nd2 Nxd2 15.Qxd2 Qe7 16.Rae1 Nc5 17.b4 Ne4 18.Qc2 c6 19.f3
Ng5 20.f4 Ne4 21.fxe5 dxe5 22.Rxf5 Rxf5 23.Qxe4 Rf6 24.Qxe5 Qxe5
25.Bxe5 Rf5 26.Bd4 cxd5 27.Bg4 Rg5 28.Be6+ Kh8 29.h4 Rg6 30.cxd5
axb4 31.axb4 Ra2 32.g4 h5 33.g5 Ra8 34.Rc1 Rd8 35.Bf7 Rgd6 36.e4
R6d7 37.g6 Rd6 38.Rf1 Bc8 39.e5 R6d7 40.d6 1-0

[Event "Washington Class Championships"]
[Site "Seattle, WA"]
[Date "2015.11.29"]
[Round "6"]
[White "Kriewall David  (WA)"]
[Black "Bonrud Neal  (WA)"]
[Result "1-0"]
[WhiteElo "1773"]
[BlackElo "1747"]
[Annotator ""]
[Source ""]
[Remark "Class B"]

1.e4 c5 2.Nf3 Nc6 3.d4 cxd4 4.Nxd4 e5 5.Nb5 d6 6.N1c3 a6 7.Na3
b5 8.Nd5 Nge7 9.Bg5 f6 10.Be3 Nxd5 11.Qxd5 Bb7 12.f3 Na5 13.Qd2
Rc8 14.c3 Be7 15.Bd3 d5 16.exd5 Bxd5 17.Bf5 Ra8 18.Rd1 Bxa3 19.bxa3
Nc4 20.Qf2 Qa5 21.Rxd5 Qxc3+ 22.Ke2 g6 23.Bd7+ Ke7 24.Rhd1 Nb2
25.Rc1 Qa5 26.Bb6 Qa4 27.Qc5+ Kf7 28.Qd6 Nc4 29.Qe6+ Kg7 30.Qe7+
Kh6 31.Bc5 Rhg8 32.Qxf6 Rad8 33.Bb4 1-0

[Event "Washington Class Championships"]
[Site "Seattle, WA"]
[Date "2015.11.27"]
[Round "2"]
[White "Doknjas Joshua  (CAN)"]
[Black "Schill William  (WA)"]
[Result "0-1"]
[WhiteElo "2109"]
[BlackElo "2265"]
[Annotator ""]
[Source ""]
[Remark "Master"]

1.e4 e5 2.Nf3 Nc6 3.Bc4 Bc5 4.c3 Nf6 5.d3 d6 6.Bb3 a6 7.O-O Ba7
8.Re1 O-O 9.h3 Be6 10.Bc2 h6 11.d4 exd4 12.cxd4 d5 13.e5 Ne4
14.Nc3 f5 15.Ne2 g5 16.Rf1 Qd7 17.h4 Qg7 18.hxg5 hxg5 19.Bxe4
fxe4 20.Nh2 Rf7 21.Qd2 Raf8 22.b3 Qh6 23.Qe3 Nxd4 24.Nxd4 Bxd4
25.Qxd4 Rh7 26.Re1 Qxh2+ 27.Kf1 Bg4 28.Qxd5+ Kh8 29.f3 Rxf3+ 0-1

[Event "Washington Class Championships"]
[Site "Seattle, WA"]
[Date "2015.11.29"]
[Round "6"]
[White "Gao Zeren  (WA)"]
[Black "Menkov Artjom  (WA)"]
[Result "1-0"]
[WhiteElo "1607"]
[BlackElo "1572"]
[Annotator ""]
[Source ""]
[Remark "Class C"]

1.e4 c5 2.Nf3 Nc6 3.d4 cxd4 4.Nxd4 Nf6 5.Nc3 e5 6.Ndb5 d6 7.Bg5
a6 8.Bxf6 gxf6 9.Na3 b5 10.Nd5 Bg7 11.c4 b4 12.Nc2 a5 13.Nce3
O-O 14.Bd3 Be6 15.Qh5 Ne7 16.O-O Ng6 17.f4 exf4 18.Nxf4 Nxf4
19.Rxf4 Qb6 20.Re1 Qd4 21.Rh4 h6 22.Qe2 f5 23.b3 Kh7 24.Bc2 Bf6
25.Rd1 Qc5 26.exf5 Bxh4 27.fxe6+ Kh8 28.Qd3 f5 29.Kh1 Ra7 30.Nxf5
Bg5 31.Nxd6 ( 31.e7 ) Rg8 32.Nf7+ Kg7 33.Rf1 Rga8 34.Qg6+ Kf8
35.Nxg5+ Ke7 36.Qf6+ Kd6 37.Ne4+ 1-0

[Event "Washington Class Championships"]
[Site "Seattle, WA"]
[Date "2015.11.29"]
[Round "6"]
[White "Shao Nathan  (CAN)"]
[Black "Hosford Michael  (WA)"]
[Result "0-1"]
[WhiteElo "2012"]
[BlackElo "1965"]
[Annotator ""]
[Source ""]
[Remark "Expert"]

1.e4 Nc6 2.Nf3 d6 3.d4 Nf6 4.Nc3 Bg4 5.Be3 e5 6.Be2 Bxf3 7.Bxf3
exd4 8.Bxd4 Nxd4 9.Qxd4 c6 10.O-O-O Qb6 11.Qd2 Be7 12.g4 O-O-O
13.g5 Nd7 14.Bg4 Kb8 15.f4 Rhe8 16.h4 Bf8 17.Rhe1 Qa5 18.Bf3
Nb6 19.Kb1 Nc4 20.Qd4 d5 21.e5 Bc5 22.Qd3 Bb4 23.a3 Nxa3+ 24.Kc1
Nc4 25.Nb1 Bxe1 26.c3 Bf2 0-1

[Event "Washington Class Championships"]
[Site "Seattle, WA"]
[Date "2015.11.29"]
[Round "6"]
[White "Vega Isaac  (OR)"]
[Black "Kannan Aditya  (WA)"]
[Result "0-1"]
[WhiteElo "1605"]
[BlackElo "1781"]
[Annotator ""]
[Source ""]
[Remark "Class A"]

1.e4 c5 2.Nc3 d6 3.Bc4 Nf6 4.f4 g6 5.Nf3 Bg7 6.O-O e6 7.Qe1 O-O
8.d3 Nc6 9.Qh4 a6 10.f5 exf5 11.Bh6 Ng4 12.Bg5 Bf6 13.h3 Bxg5
14.Nxg5 h6 15.hxg4 hxg5 16.Qh6 Qf6 17.Nd5 Qg7 18.Qxg5 Qd4+ 19.Kh1
Kg7 20.c3 Rh8+ 0-1

[Event "Washington Class Championships"]
[Site "Seattle, WA"]
[Date "2015.11.29"]
[Round "6"]
[White "Le Blanc Paul  (CAN)"]
[Black "Tafalla Gabriel  (WA)"]
[Result "1/2-1/2"]
[WhiteElo "1901"]
[BlackElo "1958"]
[Annotator ""]
[Source ""]
[Remark "Class A"]

1.d4 d5 2.c4 e6 3.Nf3 Nf6 4.g3 Be7 5.Bg2 O-O 6.O-O c6 7.Nbd2
Nbd7 8.b3 b6 9.Bb2 Bb7 10.e3 c5 11.cxd5 Bxd5 12.Qe2 Ne4 13.Nxe4
Bxe4 14.Rfd1 Qc7 15.Rac1 Qb7 16.Ne1 Bxg2 17.Nxg2 Bf6 18.Ne1 cxd4
19.exd4 Rfe8 20.Qf3 Qa6 21.a3 Rac8 22.Qd3 Qb7 23.Qf3 Qa6 24.Qd3
Qb7 25.Qf3 1/2-1/2

[Event "Washington Class Championships"]
[Site "Seattle, WA"]
[Date "2015.11.29"]
[Round "6"]
[White "Patterson Roger  (CAN)"]
[Black "Sherrard Jerry  (OR)"]
[Result "1/2-1/2"]
[WhiteElo "2128"]
[BlackElo "2066"]
[Annotator ""]
[Source ""]
[Remark "Master"]

1.e4 c5 2.Nf3 d6 3.d4 cxd4 4.Nxd4 Nf6 5.Nc3 a6 6.f4 Qc7 7.Be3
g6 8.Be2 Bg7 9.O-O Nc6 10.Nd5 Nxd5 11.exd5 Nxd4 12.Bxd4 Bxd4+
13.Qxd4 Qc5 14.Qxc5 1/2-1/2

[Event "Washington Class Championships"]
[Site "Seattle, WA"]
[Date "2015.11.29"]
[Round "6"]
[White "Soetedjo James  (WA)"]
[Black "Smith Mark T  (WA)"]
[Result "1/2-1/2"]
[WhiteElo "1880"]
[BlackElo "1857"]
[Annotator ""]
[Source ""]
[Remark "Expert"]

1.Nf3 d5 2.g3 Nf6 3.Bg2 e6 4.O-O Bd6 5.d3 c5 6.Nbd2 Nc6 7.e4
O-O 8.c3 Rb8 9.Qe2 Bc7 10.Re1 b6 11.b3 Bb7 12.Nf1 Ne5 13.Nxe5
Bxe5 14.Bb2 d4 15.c4 Bc7 16.e5 1/2-1/2

[Event "Washington Class Championships"]
[Site "Seattle, WA"]
[Date "2015.11.29"]
[Round "6"]
[White "Magnani Christopher  (WA)"]
[Black "Munsey Michael  (WA)"]
[Result "1-0"]
[WhiteElo "1309"]
[BlackElo "1344"]
[Annotator ""]
[Source ""]
[Remark "Class D"]

1.d4 Nf6 2.c4 c5 3.Nf3 g6 4.Nc3 cxd4 5.Nxd4 Bg7 6.e3 O-O 7.Be2
Nc6 8.O-O d5 9.cxd5 Nxd5 10.Nxc6 bxc6 11.Nxd5 cxd5 12.Qc2 Bf5
13.Bd3 Bxd3 14.Qxd3 e6 15.Rb1 Qa5 16.a3 a6 17.b4 Qb5 18.Qb3 Rfb8
19.Bb2 Bf8 20.Qc3 f5 21.Qh8+ Kf7 22.Qxh7+ Ke8 23.Qxg6+ Kd8 1-0

[Event "Washington Class Championships"]
[Site "Seattle, WA"]
[Date "2015.11.29"]
[Round "6"]
[White "Chen Minda  (WA)"]
[Black "Hitchcock Brandon  (WA)"]
[Result "1-0"]
[WhiteElo "1373"]
[BlackElo "1223"]
[Annotator ""]
[Source ""]
[Remark "Class D"]

1.d4 f5 2.c4 Nf6 3.Nc3 e6 4.a3 Be7 5.Nf3 d6 6.Bf4 O-O 7.e3 b6
8.Be2 Bb7 9.O-O Nbd7 10.Ng5 Qe8 11.Nxe6 Qg6 12.d5 Rfc8 13.Qc2
Ne4 14.Bd3 Ndc5 15.Nxc5 dxc5 16.Nxe4 fxe4 17.Bxe4 Qh5 18.Bf3
Qf7 19.Bg4 1-0

[Event "Washington Class Championships"]
[Site "Seattle, WA"]
[Date "2015.11.29"]
[Round "6"]
[White "Pandiaraj Pranav  (WA)"]
[Black "Vijan Dylan  (WA)"]
[Result "1/2-1/2"]
[WhiteElo "498"]
[BlackElo "628"]
[Annotator ""]
[Source ""]
[Remark "Class E"]

1.e4 e5 2.Nf3 Nc6 3.d3 d6 4.Be2 Nf6 5.O-O Be7 6.Bd2 O-O 7.Nc3
Be6 8.Be3 Ng4 9.Qd2 Nxe3 10.Qxe3 Nb4 11.Qd2 Bg4 12.a3 Bxf3 13.Bxf3
Bg5 14.Qd1 Nc6 15.Nd5 Nd4 16.Ne3 Nxf3+ 17.Qxf3 Bf4 18.Rad1 Qg5
19.d4 exd4 20.Rxd4 Qh6 21.Ng4 Qg5 22.Rc4 h5 23.h3 hxg4 24.hxg4
c6 25.e5 Bxe5 26.g3 Bxb2 27.Rf4 g6 28.Rb4 Bg7 29.Rxb7 f5 30.gxf5 1/2-1/2

[Event "Washington Class Championships"]
[Site "Seattle, WA"]
[Date "2015.11.29"]
[Round "5"]
[White "Sang Tian  (WA)"]
[Black "He Samuel  (WA)"]
[Result "1-0"]
[WhiteElo "2348"]
[BlackElo "2218"]
[Annotator ""]
[Source ""]
[Remark "Master"]

1.e4 c5 2.Nf3 d6 3.d4 cxd4 4.Nxd4 Nf6 5.Nc3 a6 6.Be3 Ng4 7.Bg5
h6 8.Bh4 g5 9.Bg3 Bg7 10.h3 Ne5 11.Qd2 Nbc6 12.Nb3 Be6 13.Nd5
b5 14.Bxe5 Bxe5 15.a4 bxa4 16.Rxa4 O-O 17.h4 f6 18.hxg5 hxg5
19.f4 gxf4 20.g3 f5 21.Qh2 Rf7 22.Nxf4 Bxb3 23.cxb3 e6 24.Nxe6
Qb6 25.Bc4 Qe3+ 26.Kd1 d5 27.Bxd5 Rc8 28.Nf4 Nd8 29.Qh7+ Kf8
30.Ng6+ Ke8 31.Qg8+ Kd7 32.Nxe5+ Ke7 33.Rc4 Qxb3+ 34.Kc1 Qe3+
35.Kb1 Rxc4 36.Nxc4 Qd3+ 37.Ka2 1-0

[Event "Washington Class Championships"]
[Site "Seattle, WA"]
[Date "2015.11.28"]
[Round "3"]
[White "Kuhner Mary  (WA)"]
[Black "Olson Travis  (WA)"]
[Result "0-1"]
[WhiteElo "1924"]
[BlackElo "1845"]
[Annotator ""]
[Source ""]
[Remark "Class A"]

1.e4 e6 2.d4 d5 3.Nc3 Bb4 4.e5 c5 5.a3 Bxc3+ 6.bxc3 Ne7 7.Qg4
O-O 8.Bd3 Nbc6 9.Nh3 f5 10.exf6 Rxf6 11.Qh5 g6 12.Qh4 Nf5 13.Bxf5
Rxf5 14.Bg5 Qa5 15.Bd2 Qc7 16.O-O Rh5 17.Qf4 e5 18.dxe5 Bxh3
19.gxh3 Rf8 20.Qg3 Nxe5 21.Bf4 Nf3+ 22.Qxf3 Qxf4 23.Qxf4 Rxf4
24.Rfe1 Rhf5 25.Re7 Rf7 26.Rxf7 Kxf7 27.Re1 Kf6 28.Re8 Ra4 29.Rf8+
Ke6 30.Re8+ Kd6 31.Rd8+ Kc6 32.Rh8 Rxa3 33.Rxh7 Rxc3 34.Rh6 Kb5
35.h4 a5 36.Rxg6 a4 37.Rg8 Rh3 38.Kg2 Rxh4 39.Kg3 Rc4 40.h4 a3 0-1

[Event "Washington Class Championships"]
[Site "Seattle, WA"]
[Date "2015.11.28"]
[Round "3"]
[White "Pupols Viktors  (WA)"]
[Black "Thomas Damarcus  (WA)"]
[Result "1-0"]
[WhiteElo "2213"]
[BlackElo "2014"]
[Annotator ""]
[Source ""]
[Remark "Master"]

1.d4 Nf6 2.c4 c5 3.d5 e6 4.Nc3 exd5 5.cxd5 d6 6.Nf3 g6 7.g3 Bg7
8.Bg2 O-O 9.O-O a6 10.a4 Re8 11.Nd2 Nbd7 12.Nc4 Ne5 13.Nxe5 Rxe5
14.a5 b5 15.axb6 Qxb6 16.e4 Re8 17.Qc2 Bd7 18.Re1 Rab8 19.Ra2
Qb4 20.Bd2 Ng4 21.Nd1 Qb6 22.h3 Nf6 23.Bc3 Nxd5 24.exd5 Bd4 25.Ne3
f5 26.Raa1 Rf8 27.Nc4 Qc7 28.Bxd4 cxd4 29.Qd3 Rb4 30.b3 Rfb8
31.Qxd4 Bb5 32.Qf6 Rf8 33.Qe6+ Kg7 34.Nxd6 Rf6 35.Nxb5 Qc5 36.Qe7+
Qxe7 37.Rxe7+ Kf8 38.Rb7 axb5 39.Ra8# 1-0

[Event "Washington Class Championships"]
[Site "Seattle, WA"]
[Date "2015.11.28"]
[Round "3"]
[White "Clark Ryan  (WA)"]
[Black "Barua Aniruddha  (WA)"]
[Result "1/2-1/2"]
[WhiteElo "1106"]
[BlackElo "1184"]
[Annotator ""]
[Source ""]
[Remark "Class E"]

1.e4 e5 2.f4 Bc5 3.Nf3 d6 4.Nc3 Nc6 5.Bc4 Nf6 6.d3 Qe7 7.fxe5
Nxe5 8.Nxe5 Qxe5 9.Nb5 Bb6 10.Bd2 c6 11.Bc3 Qe7 12.Bxf6 gxf6
13.Nc3 Rg8 14.Qd2 Be6 15.O-O-O O-O-O 16.Na4 Bc7 17.Bxe6+ fxe6
18.Rhf1 Qg7 19.g3 Rdf8 20.Qf2 Kb8 21.Nc3 Qg5+ 22.Kb1 Qa5 23.Qd4
e5 24.Qc4 Rg7 25.d4 exd4 26.Qxd4 Rgf7 27.Ne2 Qe5 28.Kc1 Qg5+
29.Kb1 Qe5 30.Kc1 Qg5+ 31.Kb1 Qe5 1/2-1/2

[Event "Washington Class Championships"]
[Site "Seattle, WA"]
[Date "2015.11.28"]
[Round "3"]
[White "Richards Jerrold  (WA)"]
[Black "MacGregor Logan  (WA)"]
[Result "1-0"]
[WhiteElo "1421"]
[BlackElo "1556"]
[Annotator ""]
[Source ""]
[Remark "Class C"]

1.c4 Nf6 2.g3 c5 3.Bg2 e6 4.Nf3 Be7 5.O-O O-O 6.Nc3 Nc6 7.d3
a6 8.Bf4 d6 9.a3 Rb8 10.Qc2 Nd4 11.Nxd4 cxd4 12.Ne4 Nxe4 13.Bxe4
Bd7 14.c5 e5 15.cxd6 exf4 16.dxe7 Qxe7 17.Qd2 Bh3 18.Rfc1 fxg3
19.fxg3 Qe5 20.Qb4 f5 21.Rc5 Qe8 22.Bd5+ Kh8 23.Qe1 f4 24.gxf4
Rxf4 25.Bf3 Qe3+ 26.Qf2 Rxf3 27.exf3 Re8 28.Rac1 Qxd3 29.Rc7
h6 30.Qg3 Qe3+ 31.Kh1 Qe5 32.Qxe5 Rxe5 33.Rg1 d3 34.Rcxg7 Re8
35.R7g6 Kh7 36.Rd6 Re3 37.Rd1 Re2 38.R6xd3 Rxb2 39.Re3 Rf2 40.f4
Bg4 41.Re7+ Kg6 42.Rd6+ Kf5 43.Rxb7 Rxf4 44.Rf7+ Ke4 45.Rxf4+
{?} ( 45.Rd4+ Kxd4 46.Rxf4+ ) Kxf4 46.Rxa6 h5 47.Ra4+ Ke3 48.Rxg4
hxg4 49.Kg1 1-0

[Event "Washington Class Championships"]
[Site "Seattle, WA"]
[Date "2015.11.28"]
[Round "3"]
[White "Gottumukkala Ananth  (WA)"]
[Black "Le Blanc Paul  (CAN)"]
[Result "1/2-1/2"]
[WhiteElo "1696"]
[BlackElo "1901"]
[Annotator ""]
[Source ""]
[Remark "Class A"]

1.e4 c6 2.d4 d5 3.exd5 cxd5 4.Bd3 Nc6 5.c3 Qc7 6.h3 e5 7.dxe5
Nxe5 8.Bc2 Nf6 9.Nf3 Be6 10.O-O Bd6 11.Nxe5 Bxe5 12.f4 Bd6 13.f5
Bd7 14.Re1+ Kf8 15.Bg5 Bc5+ 16.Kh1 Qg3 17.Bxf6 gxf6 18.Nd2 Bd6
19.Nf1 Qf4 20.Qxd5 Bc6 21.Qd2 Rg8 22.Re2 Rd8 23.Qxf4 Bxf4 24.Be4
Bxe4 25.Rxe4 Be5 26.Rb4 Rd7 27.Rh4 Rg7 28.a4 Rd5 29.Rb4 Rd7 30.a5
a6 31.Re1 Rg5 32.Ne3 h5 33.h4 Rg3 34.Nc4 Bb8 35.Kg1 Rgd3 36.Nb6
Rd8 37.Na4 Ba7+ 38.Kh1 R8d7 39.Nb6 Rd8 40.Rbe4 R3d6 41.Nc4 Rd1
42.Kh2 Bb8+ 43.g3 Rxe1 44.Rxe1 Rd5 45.Rf1 Rd3 46.Rg1 Rf3 47.Kh3
Rxf5 48.Kg2 Rd5 49.Rf1 Kg7 50.Rf3 Ba7 51.Kh3 Rd1 52.Ne3 Rd8 1/2-1/2

[Event "Washington Class Championships"]
[Site "Seattle, WA"]
[Date "2015.11.28"]
[Round "3"]
[White "Pogrebinsky Daniel  (WA)"]
[Black "Campbell Tim  (WA)"]
[Result "0-1"]
[WhiteElo "1712"]
[BlackElo "1726"]
[Annotator ""]
[Source ""]
[Remark "Class A"]

1.e4 c5 2.Nf3 Nc6 3.Bb5 g6 4.c3 Bg7 5.O-O Nf6 6.Re1 O-O 7.d4
cxd4 8.cxd4 d6 9.h3 Bd7 10.Nc3 Rc8 11.Bg5 Qb6 12.Bxc6 Bxc6 13.Qd2
Rfe8 14.Rac1 Nd7 15.Bh6 Bxh6 16.Qxh6 Qxb2 17.Ng5 Nf8 18.h4 f6
19.Nf3 Bd7 20.Qe3 b5 21.h5 b4 22.Nd5 Rxc1 23.Rxc1 Bg4 24.Rc7
Bxf3 25.gxf3 Kf7 26.Rxa7 Ne6 27.hxg6+ hxg6
{Another case of a shortened scoresheet without the other player's copy.  The
scoresheet clearly shows that Black won, but since the position ends in this
totally drawn position, one is left to wonder just how that result was accomplished.}
 0-1

[Event "Washington Class Championships"]
[Site "Seattle, WA"]
[Date "2015.11.28"]
[Round "3"]
[White "Gorantla Surya  (WA)"]
[Black "Lopez Francisco  (WA)"]
[Result "1/2-1/2"]
[WhiteElo "1571"]
[BlackElo "1693"]
[Annotator ""]
[Source ""]
[Remark "Class B"]

1.c4 c6 2.g3 d5 3.cxd5 cxd5 4.d4 e6 5.Bg2 Bd6 6.Nf3 Nc6 7.O-O
f5 8.Nc3 a6 9.a3 Nf6 10.Bd2 O-O 11.Rc1 Bd7 12.e3 Rc8 13.b4 b5
14.Qb3 Ne4 15.Rfd1 Bb8 16.Ne1 Kh8 17.Nd3 Be8 18.f3 Nxg3 19.hxg3
Bxg3 20.Be1 Qg5 21.Ne2 Qxe3+ 22.Kh1 1/2-1/2

[Event "Washington Class Championships"]
[Site "Seattle, WA"]
[Date "2015.11.28"]
[Round "3"]
[White "Kriewall David  (WA)"]
[Black "Shanmukam Rajesh  (WA)"]
[Result "1/2-1/2"]
[WhiteElo "1773"]
[BlackElo "1475"]
[Annotator ""]
[Source ""]
[Remark "Class B"]

1.e4 c6 2.d4 d5 3.e5 Bf5 4.Nf3 e6 5.Be2 h6 6.O-O Nd7 7.Nbd2 Ne7
8.c4 Ng6 9.Nb3 Be7 10.Ne1 O-O 11.c5 Nh8 12.f4 b6 13.cxb6 axb6
14.g4 Bh7 15.Nf3 f5 16.g5 h5 17.Nh4 g6 18.Be3 c5 19.a3 c4 20.Nc1
b5 21.Na2 Qb6 22.Nf3 Ra7 23.Bd2 Rfa8 24.Nb4 Nb8 25.Bc3 Nc6 26.Nxc6
Qxc6 27.Rc1 Qb6 28.Qd2 Nf7 29.Ne1 Nd8 30.Nc2 1/2-1/2

[Event "Washington Class Championships"]
[Site "Seattle, WA"]
[Date "2015.11.28"]
[Round "3"]
[White "Sherrard Jerry  (OR)"]
[Black "He Daniel  (WA)"]
[Result "0-1"]
[WhiteElo "2066"]
[BlackElo "2241"]
[Annotator ""]
[Source ""]
[Remark "Master"]

1.e4 c5 2.Nf3 e6 3.d4 cxd4 4.Nxd4 a6 5.Nc3 Qc7 6.Bd3 Nc6 7.Be3
b5 8.a3 Bb7 9.f4 Nxd4 10.Bxd4 Qxf4 11.Rf1 Qxh2 12.Qf3 f6 13.g3
Qh6 14.Be3 Qg6 15.O-O-O Rc8 16.Nd5 Bc5 17.Kb1 Qf7 18.Bxc5 Rxc5
19.Qe3 d6 20.b4 Rc8 21.Nb6 Rd8 22.g4 Qe7 23.g5 fxg5 24.Rg1 e5
25.c4 bxc4 26.Bxc4 Nf6 27.Qxg5 Bxe4+ 28.Kb2 d5 29.Bxa6 O-O 30.Rc1
Bg6 31.Rc6 e4 32.Bc8 Kh8 33.Rh1 Bf7 34.Bf5 Qe5+ 35.Kb1 Bg8 36.Qg6
h6 37.Rc2 Bh7 38.Rxh6 gxh6 39.Qxh6 Qxf5 40.Rc7 e3+ 41.Ka2 Qb1# 0-1

[Event "Washington Class Championships"]
[Site "Seattle, WA"]
[Date "2015.11.28"]
[Round "3"]
[White "Bashkansky Naomi (WA)"]
[Black "Hosford Michael  (WA)"]
[Result "1-0"]
[WhiteElo "1955"]
[BlackElo "1965"]
[Annotator ""]
[Source ""]
[Remark "Expert"]

1.d4 Nf6 2.c4 Nc6 3.Nc3 e5 4.d5 Ne7 5.e4 Ng6 6.f3 Bc5 7.Nge2
a6 8.a3 d6 9.b4 Ba7 10.Qd3 O-O 11.Be3 Bxe3 12.Qxe3 Ne8 13.O-O-O
f5 14.Kb2 Nf6 15.exf5 Bxf5 16.Ng3 Bd7 17.Nge4 Nxe4 18.Nxe4 Nh4
19.c5 Nf5 20.Qd2 Ba4 21.Re1 Nd4 22.Bc4 h6 23.Rhf1 Bc2 24.f4 Bxe4
25.Rxe4 b5 26.Ba2 Qf6 27.Rfe1 Kh8 28.Qd3 Qh4 29.Bb1 Qf2+ 30.R4e2 1-0